<?xml version='1.0' encoding='UTF-8'?>
  <record xmlns="http://www.loc.gov/MARC21/slim">
    <leader>00000cam a2200000   4500</leader>
    <controlfield tag="001">ocm01266897</controlfield>
    <controlfield tag="003">OCoLC</controlfield>
    <controlfield tag="005">20250727104752.2</controlfield>
    <controlfield tag="008">750410s1897    xx      a     000 0 eng d</controlfield>
    <datafield tag="040" ind1=" " ind2=" ">
      <subfield code="a">OSU</subfield>
      <subfield code="b">eng</subfield>
      <subfield code="c">OSU</subfield>
      <subfield code="d">EUX</subfield>
      <subfield code="d">LEAUB</subfield>
      <subfield code="d">OCLCQ</subfield>
      <subfield code="d">OCLCO</subfield>
      <subfield code="d">OCLCQ</subfield>
      <subfield code="d">OCLCL</subfield>
      <subfield code="d">OCLCQ</subfield>
      <subfield code="d">OCLCL</subfield>
    </datafield>
    <datafield tag="029" ind1="1" ind2=" ">
      <subfield code="a">NLGGC</subfield>
      <subfield code="b">841897638</subfield>
    </datafield>
    <datafield tag="035" ind1=" " ind2=" ">
      <subfield code="a">(OCoLC)1266897</subfield>
    </datafield>
    <datafield tag="050" ind1=" " ind2="4">
      <subfield code="a">BP80.I25</subfield>
      <subfield code="b">P3 1975</subfield>
    </datafield>
    <datafield tag="082" ind1="0" ind2="4">
      <subfield code="a">297.814</subfield>
      <subfield code="2">22</subfield>
      <subfield code="1">https://id.oclc.org/worldcat/ddc/E3rj3PC6dK4GXyd4q8VP9CFWR7</subfield>
    </datafield>
    <datafield tag="100" ind1="1" ind2=" ">
      <subfield code="a">Patton, Walter Melville,</subfield>
      <subfield code="d">1863-1928.</subfield>
      <subfield code="1">https://id.oclc.org/worldcat/entity/E39PBJmTmjXCK3H46QTPXRhT73</subfield>
    </datafield>
    <datafield tag="245" ind1="1" ind2="0">
      <subfield code="a">Aḥmed ibn Hạnbal and the Miḥna.</subfield>
      <subfield code="b">A biography of the imâm including an account of the Moḥammedan inquisition called the Miḥna, 218-234 A.H.</subfield>
    </datafield>
    <datafield tag="260" ind1=" " ind2=" ">
      <subfield code="a">Leide,</subfield>
      <subfield code="b">Brill,</subfield>
      <subfield code="c">1897.</subfield>
    </datafield>
    <datafield tag="300" ind1=" " ind2=" ">
      <subfield code="a">208 pages</subfield>
    </datafield>
    <datafield tag="336" ind1=" " ind2=" ">
      <subfield code="a">text</subfield>
      <subfield code="b">txt</subfield>
      <subfield code="2">rdacontent</subfield>
    </datafield>
    <datafield tag="337" ind1=" " ind2=" ">
      <subfield code="a">microform</subfield>
      <subfield code="b">h</subfield>
      <subfield code="2">rdamedia</subfield>
    </datafield>
    <datafield tag="338" ind1=" " ind2=" ">
      <subfield code="a">microfilm reel</subfield>
      <subfield code="b">hd</subfield>
      <subfield code="2">rdacarrier</subfield>
    </datafield>
    <datafield tag="505" ind1="0" ind2=" ">
      <subfield code="a">With quotations from Arabic sources.</subfield>
    </datafield>
    <datafield tag="533" ind1=" " ind2=" ">
      <subfield code="a">Microfilm (negative) [Columbus, The Ohio State University Libraries, Photoduplication Service,</subfield>
      <subfield code="d">1975] 1 reel. 35 mm.</subfield>
    </datafield>
    <datafield tag="600" ind1="1" ind2="0">
      <subfield code="a">Ibn Ḥanbal, Ahmad ibn Muḥammad,</subfield>
      <subfield code="d">780-885.</subfield>
    </datafield>
    <datafield tag="776" ind1="0" ind2="8">
      <subfield code="i">Online version:</subfield>
      <subfield code="a">Patton, Walter Melville, 1863-1928.</subfield>
      <subfield code="t">Aḥmed ibn Hạnbal and the Miḥna.</subfield>
      <subfield code="d">Leide, Brill, 1897</subfield>
      <subfield code="w">(OCoLC)1014390461</subfield>
    </datafield>
  </record>